000 00761nam a22001817a 4500
003 BUBTL
008 190515b xxu||||| |||| 00| 0 eng d
020 _a984-70008-0000-8
082 _a954.92 / BHS
100 _92335
_aভূঁইয়া, কামরুল হাসান
245 _aস্বাধীনতা ( প্রথম খণ্ড ) /
_cকামরুল হাসান ভূঁইয়া
260 _aঢাকা :
_bসেন্টার ফর বাংলাদেশ লিবারেশন ওয়ার স্টাডিজ,
_cc2007.
300 _a146 p. :
_c22 cm.
650 0 _91755
_aমুক্তিযুদ্ধ
856 _k0
_l0
_yDownload
942 _2ddc
_cBK
999 _c6064
_d6064